000 00596nam a2200217Ia 4500
008 160319s9999 xx 000 0 und d
020 _a971-725-063-4
050 _aFIL QA 303.2
050 _b.G46 2001 c.1
245 _aGeneral calculus :
245 _bwith applications /
245 _cLincoln A. Bautista… [et al]
260 _aMakati City:
260 _bGrandwater Pub. And Research corporation.
260 _c2001
300 _a166 pages :
300 _billustrations ;
300 _c22 cm.
650 _aCalculus -- Textbooks.
650 _xCalculus -- Study and teaching.
999 _c291833
_d291833